01633cam a2200289 a 45000010009000000050017000090080041000260100017000670200022000840250027001060400013001330820015001461000029001612450042001902600049002323000032002815050485003135200149007986000034009476100049009816500041010306500056010716510049011279420024011769990019012009520124012191361803120250113135021.0040324s2003 ii a b 001 0beng  a 2004325134 a0670049557 (jkt.) aI-E-2004-325134; 62-92 aDLCcDLC a347.73,KID1 aKidwai, Rasheed.912751610aSonia: a Biography /cRasheed Kidwai. aNew Delhi ;aNew York, NY :bPenguin,c2003. ax, 240 p. :bill. ;c22 cm. aA Tragedy in Sriperumbudur (Page-), The Search for A Successor (Page-8), A Long Journey from Orbassano (Page-24), A Tale of Two Bahus (Page-33), The Prime Minister’s Wife (Page-43), A Tug of War (Page-52), Education Sonia (Page-78), Sonia Takes over the Congress (Page-103), The Favoured Few (Page-117), Sonia’s Faith (Page-129), The New Generation (Page-141), The Rebles (Page-158), The Controversies (Page-172), Sonia the Leader (Page-191), Looking to the Future (Page-205). aOn the life and times of Sonia Gandhi, b. 1946; leader of the Congress Party and widow of Rajiv Gandhi, b. 1944, former prime minister of India.10aGandhi, Sonia,d1946-912751720aIndian National CongressvBiography.9127518 0aPoliticianszIndiavBiography.95509 0aPrime ministers' spouseszIndiavBiography.9127519 0aIndiaxPolitics and governmenty1947-912045 2ddccBKh347.73,KID c612619d612619 00102ddc4070aMCSbMCScGENd2025-01-13o347.73,KIDpMCS38857r2025-01-13w2025-01-13yBKzAlmirah No.50, Shelf No.6